Ekonomia 22
Salvato in:
| Natura: | Libro |
|---|---|
| Lingua: | polacco |
| Pubblicazione: |
Gdansk
Politechnika Gdanska
1983
|
| Serie: | Zeszyty naukowe
nr. 360 |
| Tags: |
Nessun Tag, puoi essere il primo ad aggiungerne!!
|
MARC
| LEADER | 00000nam a2200000 4500 | ||
|---|---|---|---|
| 001 | c116688 | ||
| 005 | 20250901085216.6 | ||
| 041 | 0 | |a pol | |
| 044 | |a PL | ||
| 245 | 1 | 0 | |a Ekonomia 22 |
| 264 | 1 | |a Gdansk |b Politechnika Gdanska |c 1983 | |
| 300 | |a 152 s. | ||
| 490 | 1 | |a Zeszyty naukowe |v nr. 360 | |
| 830 | 0 | |a Zeszyty naukowe |v nr. 360 | |